Sports Quiz

Random Sports or NBA Quiz

NBA East All Star Starters (1990s) Quiz Stats

 Plays Quiz not verified by Sporcle

Challenge
Share
Tweet
Embed
Score 0/16 Timer 05:00
0 Plays Today
Team (Positon) Name % Correct
CHI (SG)Michael Jordan
100%
NYK (C)Patrick Ewing
99.7%
CHI (SF)Scottie Pippen
99.3%
ORL (C)Shaquille O'Neal
98.7%
DET (PG)Isiah Thomas
98.4%
BOS (SF)Larry Bird
96.6%
IND (SG)Reggie Miller
95%
PHI (PF)Charles Barkley
91.5%
Team (Positon) Name % Correct
ORL (G)Penny Hardaway
91.3%
DET (SF)Grant Hill
76.7%
CHH (PF)Larry Johnson
76.5%
ATL (C)Dikembe Mutombo
75.8%
CHI (PG)B.J. Armstrong
73.1%
NJN (PF)Derrick Coleman
58%
CLE (PF)Shawn Kemp
46.7%
NJN (G)Kenny Anderson
44.1%

You're not logged in!

Compare scores with friends on all Sporcle quizzes.
OR
Log In

You Might Also Like...

Show Comments

Extras

Top Quizzes Today


Score Distribution

Your Account Isn't Verified!

In order to create a playlist on Sporcle, you need to verify the email address you used during registration. Go to your Sporcle Settings to finish the process.

Report this User

Report this user for behavior that violates our Community Guidelines.

Details: